Statistics for Team Fortress 2 Fight Songs

Click here to take the quiz!

General Stats

  • This quiz has been taken 8 times
  • The average score is 14 of 29

Answer Stats

HintAnswer% Correct
10Rocket Jump Waltz
100%
1Medic
86%
14Archimedes
71%
8Faster Than A Speeding Bullet
71%
28Team Fortress 2
71%
20The Art Of War
71%
24BLU Triumphs!
57%
4Dapper Cadaver
57%
5Dreams Of Cruelty
57%
2Intruder Alert
57%
7RED Triumphs!
57%
19ROBOTS!
57%
25Stink Lines
57%
6A Little Heart To Heart
43%
17Haunted Fortress
43%
9It Hates Me So Much
43%
13Misfortune Teller
43%
23More Gun
43%
21Petite Chou-Fleur
43%
27Red Bread
43%
26Right Behind You
43%
18Rise Of The Living Bread
43%
22Seduce Me!
43%
12Three Days To Live
43%
16Playing With Danger
29%
3The Calm
29%
29Carousel Of Curses
14%
11Drunken Pipe Bomber
14%
15Soldier Of Dance
14%

Score Distribution

Percentile by Number Answered

Percent of People with Each Score

Your Score History

You have not taken this quiz